JIT・CIMイノベーション : 21世紀を生き抜く企業内戦略論
Đã lưu trong:
| Príomhúdar: | |
|---|---|
| Formáid: | Leabhar |
| Teanga: | Undetermined |
| Foilsithe: |
東京
日刊工業新聞社
1991
|
| Ábhair: | |
| Clibeanna: |
Cuir Clib Leis
Gan Chlibeanna, Bí ar an gcéad duine leis an taifead seo a chlibeáil!
|
| Thư viện lưu trữ: | Trung tâm Học liệu Trường Đại học Cần Thơ |
|---|
| LEADER | 00566nam a2200193Ia 4500 | ||
|---|---|---|---|
| 001 | CTU_87637 | ||
| 008 | 210402s9999 xx 000 0 und d | ||
| 082 | |a 658.5 | ||
| 082 | |b H668 | ||
| 100 | |a 平野裕之(ひらの ひろゆき) | ||
| 245 | 0 | |a JIT・CIMイノベーション : | |
| 245 | 0 | |b 21世紀を生き抜く企業内戦略論 | |
| 245 | 0 | |c 平野裕之 | |
| 260 | |a 東京 | ||
| 260 | |b 日刊工業新聞社 | ||
| 260 | |c 1991 | ||
| 650 | |a Production Management | ||
| 904 | |i Ngoc | ||
| 980 | |a Trung tâm Học liệu Trường Đại học Cần Thơ | ||